| 000 | 00567nam a22001577a 4500 | ||
|---|---|---|---|
| 003 | OSt | ||
| 005 | 20150915103410.0 | ||
| 008 | 150915b xxu||||| |||| 00| 0 eng d | ||
| 040 | _cRUA | ||
| 082 | _aAGR CHH 2002 B027 Or.1 | ||
| 100 |
_9495 _aCHHIM, THUL. |
||
| 245 | _arodent control in kampongchhang province (វិធានការណ៍កំចាត់សត្វកណ្តុរក្នុងលក្ខខ័ណ្ឌខេត្តកំពង់ឆ្នំាង) | ||
| 260 |
_aPhnom Penh _bRUA _c2002 |
||
| 300 |
_a56p. _bill. _c29cm. |
||
| 942 |
_2ddc _cAGR |
||
| 999 |
_c474 _d474 |
||